| 000 | 01076nam a22003258i 4500 | ||
|---|---|---|---|
| 001 | 020083802 | ||
| 003 | EG-ScBUE | ||
| 005 | 20211206124546.0 | ||
| 008 | 210112s2021 enka f bd 001|0 eng d | ||
| 020 | _a9781786276049 (pbk.) | ||
| 040 |
_aStDuBDS _beng _erda _cStDuBDS _dEG-ScBUE |
||
| 082 | 0 | 4 |
_a646.4072 _bLOO _222 |
| 100 | 1 |
_aLo, Dennic Chunman, _eauthor. |
|
| 245 | 1 | 0 |
_aPattern cutting / _cDennic Chunman Lo. |
| 250 | _aSecond edition. | ||
| 264 | 1 |
_aLondon : _bLaurence King Publishing, _c2021. |
|
| 300 |
_a300 pages : _billustrations (black and white, and colour) ; _c28 cm. |
||
| 336 |
_atext _2rdacontent _btxt |
||
| 336 |
_astill image _2rdacontent _btxt |
||
| 337 |
_aunmediated _2rdamedia _bn |
||
| 338 |
_avolume _2rdacarrier _bnc |
||
| 490 | 0 | _aPortfolio skills. Fashion & textiles | |
| 500 | _aPrevious edition: 2011. | ||
| 500 | _aIncludes glossary. | ||
| 504 | _aIncludes bibliographical references and index. | ||
| 650 | 7 |
_aDressmaking _xPattern design. _2BUEsh |
|
| 653 |
_bART _cDecember2021 |
||
| 655 |
_vReading book _934232 |
||
| 942 |
_2ddc _cBB |
||
| 999 |
_c29691 _d29662 |
||